Southville International School and Colleges
Your cart is empty.
  • Cart
  • Lists
    Public lists Eva Luna New books Lux_list list_1
    Your lists Log in to create your own lists
  • Log in to your account
  • Your cookies
  • Search history
Southville International School and Colleges
  • Advanced search
  • Recent comments
  • Most popular
  • Libraries

Log in to your account

Log in with GOOGLE


If you do not have an external account, but do have a local account, you can still log in:

  1. Home
  2. MARC view: Contemporary trends in public administration:
Normal view MARC view ISBD view

Contemporary trends in public administration: (Record no. 367471)

[ view plain ]
MARC details
000 -LEADER
fixed length control field 00745nam a22002057a 4500
003 - CONTROL NUMBER IDENTIFIER
control field 0
005 - DATE AND TIME OF LATEST TRANSACTION
control field 20250507170012.0
008 - FIXED-LENGTH DATA ELEMENTS--GENERAL INFORMATION
fixed length control field 250507b xxu||||| |||| 00| 0 eng d
020 ## - INTERNATIONAL STANDARD BOOK NUMBER
International Standard Book Number 9786214272174
050 ## - LIBRARY OF CONGRESS CALL NUMBER
Classification number JF 1351
Item number .Ab117 2024
100 ## - MAIN ENTRY--PERSONAL NAME
Personal name Abante, Marmelo
Relator term author
245 ## - TITLE STATEMENT
Title Contemporary trends in public administration:
Remainder of title theory, practice, and case studies
Statement of responsibility, etc Marmelo Abante and Melchor Julianes
260 ## - PUBLICATION, DISTRIBUTION, ETC. (IMPRINT)
Place of publication, distribution, etc Intramuros, Manila
Name of publisher, distributor, etc Unlimited Books Library Services & Publishing Inc.
Date of publication, distribution, etc 2024
300 ## - PHYSICAL DESCRIPTION
Extent viii, 292 pages;
Dimensions 25cm.
504 ## - BIBLIOGRAPHY, ETC. NOTE
Bibliography, etc Includes bibliographical references.
650 ## - SUBJECT ADDED ENTRY--TOPICAL TERM
Topical term or geographic name as entry element Public administration -- Public policy.
650 ## - SUBJECT ADDED ENTRY--TOPICAL TERM
Topical term or geographic name as entry element Public administration—Trends.
700 ## - ADDED ENTRY--PERSONAL NAME
Personal name Julianes, Melchor
942 ## - ADDED ENTRY ELEMENTS (KOHA)
Source of classification or shelving scheme Library of Congress Classification
Koha item type Books
Holdings
Withdrawn status Lost status Source of classification or shelving scheme Damaged status Home library Current library Shelving location Date acquired Source of acquisition Total Checkouts Full call number Barcode Date last seen Price effective from Koha item type
    Library of Congress Classification   College Library College Library Filipiniana Section 05/07/2025 Library Fund   JF 1351 .Ab117 2024 C24591 05/07/2025 05/07/2025 Books
    Library of Congress Classification   College Library College Library Filipiniana Section 05/07/2025 Library Fund   JF 1351 .Ab117 2024 C24590 05/07/2025 05/07/2025 Books
    Library of Congress Classification   College Library College Library Filipiniana Section 05/07/2025 Library Fund   JF 1351 .Ab117 2024 C24589 05/07/2025 05/07/2025 Books

Contemporary trends in public administration:

APA

Abante M., Julianes M., . (2024). Contemporary trends in public administration. Intramuros, Manila: Unlimited Books Library Services & Publishing Inc.

Chicago

Abante Marmelo, Julianes Melchor, . 2024. Contemporary trends in public administration. Intramuros, Manila: Unlimited Books Library Services & Publishing Inc.

Harvard

Abante M., Julianes M., . (2024). Contemporary trends in public administration. Intramuros, Manila: Unlimited Books Library Services & Publishing Inc.

MLA

Abante Marmelo, Julianes Melchor, . Contemporary trends in public administration. Intramuros, Manila: Unlimited Books Library Services & Publishing Inc. 2024.

  • Place hold
  • Print
  • Cite
  • Add to your cart (remove)
  • Save record
    BIBTEX Dublin Core MARCXML MARC (non-Unicode/MARC-8) MARC (Unicode/UTF-8) MARC (Unicode/UTF-8, Standard) MODS (XML) RIS
  • More searches
    Search for this title in:
    Other Libraries (WorldCat) Other Databases (Google Scholar) Online Stores (Bookfinder.com) Open Library (openlibrary.org)

Exporting to Dublin Core...

SOUTHVILLE LIBRARY

Southville International School and Colleges Library

1281 Tropical Ave. Cor. Luxembourg St., BF Homes International, Las Pinas City

Tel. No. 8256374 / 252358 Loc. 117/146

Powered by Koha